|
|
|
|
| LEADER |
00000naa2a2200000 4500 |
| 001 |
88794 |
| 005 |
20231031102756.0 |
| 035 |
|
|
|a (RuTPU)RU\TPU\book\95279
|
| 090 |
|
|
|a 88794
|
| 100 |
|
|
|a 20051229d2002 k y0rusy50 ca
|
| 101 |
0 |
|
|a rus
|
| 102 |
|
|
|a RU
|
| 200 |
1 |
|
|a Пространственное распределение грозовой активности на территории Томской области
|f Д. В. Касьяненко
|g науч. рук. Т. В. Ершова
|
| 320 |
|
|
|a Библиогр.: 1 назв.
|
| 463 |
|
0 |
|0 (RuTPU)RU\TPU\book\68468
|t Энергетика: экология, надежность, безопасность
|o Труды четвертого Всероссийского студенческого научно-практического семинара, Томск, 24-26 апреля 2002 г.
|f Томский политехнический университет; Электротехнический институт; Региональный центр энергосбережения
|v С. 110-112.
|d 2002
|p 164 с.
|
| 610 |
1 |
|
|a грозовая активность
|
| 610 |
1 |
|
|a Томская область
|
| 610 |
1 |
|
|a атмосфера
|
| 610 |
1 |
|
|a электронные устройства
|
| 610 |
1 |
|
|a защита
|
| 610 |
1 |
|
|a труды учёных ТПУ
|
| 700 |
|
1 |
|a Касьяненко
|b Д. В.
|
| 702 |
|
1 |
|a Ершова
|b Т. В.
|4 727
|
| 801 |
|
1 |
|a RU
|b 63413507
|c 20051229
|g PSBO
|
| 801 |
|
2 |
|a RU
|b 63413507
|c 20101116
|g PSBO
|
| 942 |
|
|
|c BK
|